| 000 | 01037nam a2200313 c 4500 | ||
|---|---|---|---|
| 001 | 140 | ||
| 003 | ES-MaCES | ||
| 005 | 20150724120037.0 | ||
| 008 | 940511s1991 fr ||| | fre d | ||
| 020 | _a926423537X | ||
| 035 | _aCES19980001405m | ||
| 040 |
_aES-MaCES _bspa _cES-MaCES |
||
| 245 | 0 | 2 |
_aL'évaluation des programmes pour l'emploi et des mesures sociales _b: le point sur une question complexe |
| 260 |
_aParis _bOrganisation de coopération et de développement économiques _ccop. 1991 |
||
| 300 |
_a199 p. _c23 cm |
||
| 504 | _aBibliografía | ||
| 541 | _cCompra | ||
| 650 | 4 |
_afomento del empleo _930270 |
|
| 650 | 4 |
_aprograma de formación _929083 |
|
| 650 | 4 |
_arelación formación empleo _929976 |
|
| 650 | 4 |
_apaís de la OCDE _929055 |
|
| 650 | 4 |
_acomparación _928892 |
|
| 653 | 1 | 0 | _aEmpleo |
| 650 | 4 |
_928300 _apolítica de empleo |
|
| 710 | 2 |
_aOrganización de Cooperación y Desarrollo Económico _94694 |
|
| 902 | _aLIB Libro | ||
| 942 |
_2CES _cBK _h2.1. |
||
| 999 |
_c140 _d140 |
||